Statistiques concernant Quelle animaux?

Cliquez ici pour prendre le quiz!

Statistiques générales

  • Ce quiz a été pris 82 fois
  • Le résultat moyen est 21 sur 32

Statistiques - réponses

Réponse% Correct
Canard
100%
Vache
100%
Gorille
97%
Tigre
94%
Zèbre
90%
Chameau
89%
Paon
89%
Crocodile
86%
Cygne
86%
Girafe
86%
Cochon
84%
Koala
81%
Chèvre
80%
Hippocampe
77%
Mouton
77%
Flamant Rose
76%
Lynx
74%
Bison
69%
Colibri
66%
Souris
64%
Guépard
63%
Oie
60%
Faisan
43%
Émeu
39%
Kangourou
39%
Chamois
37%
Jaguar
33%
Coyote
30%
Impala
26%
Orignal
26%
Condor
10%
Pie bavarde
9%

Distribution des résultats

Percentile par nombre de réponses

% des personnes avec chaque résultat

Votre développement - résultats

Vous n’avez pas pris ce quiz